000 01126nam a2200289 i 4500
003 EG-GICUC
005 20260121101222.0
008 251115s2001 ua ||||fr|||| 00| 0 ara d
040 _a EG-GICUC
_bara
_c EG-GICUC
_d EG-GICUC
_erda
041 0 _aara
082 0 4 _221
_a341.83
_bع ن . ق
092 0 4 _221
099 _aLaw1 12 341.83 ع ن . ق 2001
100 0 _aعنايت عبدالحميد ثابت
_eمؤلف.
245 1 2 _aالقيود المفروض علي ظاهرة انتقال الافراد عبر الحدود /
_cعنايت عبدالحميد ثابت.
264 _aدون مكان نشر:
_bدون ناشر،
_c2001.
300 _a96 ؛صفحة
_c24 سم.
336 _2rda content
_atext
337 _2rda media
_aComputer
338 _2rda carrier
_aOnline Resource
504 _aيحتوي على ارجاعات ببليوجرافية
546 _aالنص أغلبه باللغة العربية مع بعض النصوص الفرنسية
650 1 _aمركز الاجانب.
856 4 0 _uhttps://fll.law.cu.edu.eg/fulltext/bks/B12-01244.pdf
905 _a75
_eYara
942 _2ddc
_n0
_cBK
_e21
999 _c43313
_d43313